Plus grande ville par départments - Statistiques

Statistiques générales
  • Ce quiz a été pris 308 fois
  • Le résultat moyen est 56 sur 101
Statistiques - réponses
Départements Ville % Correct
Paris Paris
84%
Nord Lille
83%
Alpes-Maritimes Nice
83%
Gironde Bordeaux
82%
Bouches-du-Rhône Marseille
82%
Corse-du-Sud Ajaccio
81%
Hérault Montpellier
81%
Rhône Lyon
79%
Haute-Corse Bastia
78%
Finistère Brest
78%
Loire-Atlantique Nantes
77%
Bas-Rhin Strasbourg
77%
Ille-et-Vilaine Rennes
75%
Charente-Maritime La Rochelle
74%
Territoire-de-Belfort Belfort
73%
Haute-Garonne Toulouse
73%
Côte d'Or Dijon
71%
Calvados Caen
70%
Pyrénées-Orientales Perpignan
68%
Var Toulon
68%
Haute-Savoie Annecy
66%
Ain Bourg-en-Bresse
66%
Pas-de-Calais Calais
66%
Puy-de-Dôme Clermont-Ferrand
66%
Isère Grenoble
66%
Seine-Maritime Le Havre
66%
Sarthe Le Mans
66%
Moselle Metz
66%
Gard Nîmes
66%
Pyrénées-Atlantique Pau
66%
Seine-Saint-Denis Saint-Denis
66%
Loire Saint-Etienne
65%
Haut-Rhin Mulhouse
64%
Meurthe-et-Moselle Nancy
64%
Loiret Orléans
63%
Yvelines Versailles
63%
Reunion Saint-Denis
62%
Maine-et-Loire Angers
61%
Savoie Chambéry
60%
Somme Amiens
59%
Mayenne Laval
59%
Indre-et-Loire Tours
59%
Doubs Besançon
58%
Morbihan Lorient
58%
Vaucluse Avignon
57%
Guyane Cayenne
57%
Martinique Fort-de-France
57%
Hautes-Alpes Gap
57%
Oise Beauvais
56%
Vendée La-Roche-sur-Yon
56%
Vienne Poitiers
56%
Manche Cherbourg-en-Cotentin
55%
Marne Reims
55%
Drôme Valence
55%
Côtes-d'Armor Saint-Brieuc
54%
Aube Troyes
54%
Yonne Auxerre
53%
Landes Mont-de-Marsan
53%
Nièvre Nevers
53%
Deux-Sèvres Niort
53%
Dordogne Périgueux
53%
Tarn Albi
52%
Charente Angoulême
52%
Cher Bourges
52%
Haute-Vienne Limoges
52%
Aveyron Rodez
52%
Cantal Aurillac
51%
Ardennes Charleville-Mézières
51%
Hautes-Pyrénées Tarbes
51%
Indre Chateauroux
50%
Vosges Epinal
50%
Eure Evreux
50%
Corrèze Brive-la-Gaillarde
49%
Lot-et-Garonne Agen
48%
Lozère Mende
48%
Eure-et-Loir Chartres
47%
Creuse Guéret
47%
Orne Alençon
46%
Gers Auch
46%
Lot Cahors
46%
Aude Narbonne
46%
Loir-et-Cher Blois
45%
Haute-Loire Le-Puy-en-Velay
45%
Aisne Saint-Quentin
44%
Essonne Évry-Courcouronnes
43%
Tarn-et-Garonne Montauban
42%
Hauts-de-Seine Boulogne-Billancourt
39%
Mayotte Mamoudzou
39%
Allier Montluçon
37%
Haute-Saône Vesoul
36%
Saône-et-Loire Chalon-sur-Saône
32%
Jura Dole
31%
Meuse Verdun
31%
Ariège Pamiers
28%
Val-d'Oise Argenteuil
24%
Haute-Marne Saint-Dizier
23%
Ardèche Annonay
22%
Alpes-de-Haute-Provence Manosque
21%
Guadeloupe Les Abymes
20%
Val-de-Marne Vitry-sur-Seine
18%
Seine-et-Marne Chelles
12%
Aucun quiz correspondant
Distribution des résultats
% des personnes avec chaque résultat
Percentile par nombre de réponses
Votre historique - résultats
Vous n’avez pas pris ce quiz